[Event "Sydney NSW op"]
[Site "Sydney"]
[Date "2023.06.11"]
[Round "3"]
[White "Rodgers, Jack"]
[Black "Atanacio, Ricardo"]
[Result "1-0"]
[WhiteElo "2047"]
[BlackElo "1832"]
[PlyCount "83"]
[EventDate "2023.06.10"]
[EventType "swiss"]
[EventRounds "7"]
[EventCountry "AUS"]
[SourceTitle "CBM 214 Extra"]
[Source "ChessBase"]
[SourceDate "2023.07.31"]
[SourceVersion "1"]
[SourceVersionDate "2023.07.31"]
[SourceQuality "1"]

1. d4 Nf6 2. Bg5 d5 3. Bxf6 exf6 4. e3 g6 5. h4 h5 6. c4 Bb4+ 7. Nc3 c6 8. Qb3 a5 9. cxd5 cxd5 10. Nge2 Nc6 11. Nf4 Ne7 12. g3 Be6 13. Bg2 Bxc3+ 14. bxc3 Qd7 15. Rb1 0-0 16. Kd2 Rfb8 17. Qb5 Qxb5 18. Rxb5 Bd7 19. Rc5 Bc6 20. Nxd5 Nxd5 21. Bxd5 Bxd5 22. Rxd5 b5 23. Rb1 b4 24. c4 Kf8 25. Kd3 Ke7 26. e4 Ra6 27. f4 Ra7 28. Rc5 Kd7 29. d5 g5 30. fxg5 fxg5 31. Rf1 Ke8 32. hxg5 b3 33. a4 Rb4 34. Rb1 Rxa4 35. Rxb3 Ra1 36. Rb8+ Kd7 37. Rf8 Ke7 38. Rcc8 Rd1+ 39. Ke2 Rc1 40. e5 a4 41. c5 Rxc5 42. d6+ 1-0